[Event "Bundesliga 9697"]
[Site "Deutschland"]
[Date "1997.??.??"]
[Round "?.1"]
[White "Dautov, Rustem"]
[Black "Sax, Gyula"]
[Result "1-0"]
[WhiteElo "2590"]
[BlackElo "2545"]
[PlyCount "71"]
[EventDate "1996.10.??"]
[EventType "team"]
[EventRounds "15"]
[EventCountry "GER"]
[SourceTitle "Bundesliga 9697"]
[Source "DeepChess"]
[SourceDate "2005.01.01"]
[SourceVersion "1"]
[SourceVersionDate "2005.01.01"]
[SourceQuality "1"]
[WhiteTeam "SC Anderssen St.Ingbert 1920 e.V."]
[BlackTeam "PSV Turm Duisburg 1920 e.V."]
[WhiteTeamCountry "GER"]
[BlackTeamCountry "GER"]

1. d4 Nf6 2. c4 e6 3. Nf3 b6 4. g3 Ba6 5. Qa4 Bb7 6. Bg2 c5 7. O-O cxd4 8. Nxd4
Bxg2 9. Kxg2 Qc7 10. f3 a6 11. Rd1 Be7 12. Nb5 Qc6 13. Nd6+ Bxd6 14. Qxc6 Nxc6
15. Rxd6 Ke7 16. Rd1 d5 17. Na3 Rhd8 18. b3 Rab8 19. Bb2 b5 20. cxd5 Nxd5 21.
Nc2 Rbc8 22. Kf2 g6 23. Rac1 Ke8 24. Ne1 Nb6 25. Nd3 Nd7 26. e4 a5 27. Ke3 Ne7
28. Bc3 Ra8 29. Bd4 Rdc8 30. Ne5 Nxe5 31. Bxe5 f5 32. Bf6 a4 33. b4 Kf7 34. Bg5
Ke8 35. a3 Ra7 36. Rxc8+ 1-0

[Event "Bundesliga 9697"]
[Site "Deutschland"]
[Date "1997.??.??"]
[Round "?.2"]
[White "Enders, Peter"]
[Black "Kohlweyer, Bernd"]
[Result "1-0"]
[WhiteElo "2520"]
[BlackElo "2420"]
[PlyCount "49"]
[EventDate "1996.10.??"]
[EventType "team"]
[EventRounds "15"]
[EventCountry "GER"]
[SourceTitle "Bundesliga 9697"]
[Source "DeepChess"]
[SourceDate "2005.01.01"]
[SourceVersion "1"]
[SourceVersionDate "2005.01.01"]
[SourceQuality "1"]
[WhiteTeam "PSV Turm Duisburg 1920 e.V."]
[BlackTeam "SC Anderssen St.Ingbert 1920 e.V."]
[WhiteTeamCountry "GER"]
[BlackTeamCountry "GER"]

1. e4 c5 2. Nf3 e6 3. d4 cxd4 4. Nxd4 Nf6 5. Nc3 d6 6. g4 Nc6 7. g5 Nd7 8. Be3
Be7 9. Rg1 Nb6 10. Qd2 O-O 11. O-O-O d5 12. exd5 exd5 13. Kb1 Re8 14. Rg3 Bf8
15. Qc1 Be6 16. h4 Rc8 17. h5 Bd6 18. f4 Nxd4 19. Bxd4 Nc4 20. Bd3 Qd7 21. Rh1
Bf5 22. g6 fxg6 23. hxg6 hxg6 24. Qg1 Bxf4 25. Rxg6 1-0

[Event "Bundesliga 9697"]
[Site "Deutschland"]
[Date "1997.??.??"]
[Round "?.3"]
[White "Ristic, Nenad"]
[Black "Kraut, Rainer"]
[Result "1/2-1/2"]
[WhiteElo "2475"]
[BlackElo "2455"]
[PlyCount "59"]
[EventDate "1996.10.??"]
[EventType "team"]
[EventRounds "15"]
[EventCountry "GER"]
[SourceTitle "Bundesliga 9697"]
[Source "DeepChess"]
[SourceDate "2005.01.01"]
[SourceVersion "1"]
[SourceVersionDate "2005.01.01"]
[SourceQuality "1"]
[WhiteTeam "SC Anderssen St.Ingbert 1920 e.V."]
[BlackTeam "PSV Turm Duisburg 1920 e.V."]
[WhiteTeamCountry "GER"]
[BlackTeamCountry "GER"]

1. d4 d5 2. Nf3 Nf6 3. c4 dxc4 4. Nc3 Nc6 5. d5 Nb8 6. e4 e6 7. Bxc4 exd5 8.
exd5 Be7 9. O-O O-O 10. Bf4 Ne8 11. Re1 Nd6 12. Bb3 Bg4 13. Qd2 Nd7 14. a3 Bf6
15. Nd4 Nc5 16. Ba2 Qd7 17. f3 Bf5 18. Nxf5 Qxf5 19. Be3 Nd7 20. Rac1 Rfe8 21.
Ne2 Rac8 22. Nd4 Qh5 23. Bf2 Bg5 24. f4 Bf6 25. Qc2 Rxe1+ 26. Rxe1 Nb6 27. Ne2
Qg6 28. Qc1 Qd3 29. Nc3 Bd4 30. Bxd4 1/2-1/2

[Event "Bundesliga 9697"]
[Site "Deutschland"]
[Date "1997.??.??"]
[Round "?.4"]
[White "Thesing, Matthias"]
[Black "Kachiani Gersinska, Ketino"]
[Result "1/2-1/2"]
[WhiteElo "2430"]
[BlackElo "2375"]
[PlyCount "33"]
[EventDate "1996.10.??"]
[EventType "team"]
[EventRounds "15"]
[EventCountry "GER"]
[SourceTitle "Bundesliga 9697"]
[Source "DeepChess"]
[SourceDate "2005.01.01"]
[SourceVersion "1"]
[SourceVersionDate "2005.01.01"]
[SourceQuality "1"]
[WhiteTeam "PSV Turm Duisburg 1920 e.V."]
[BlackTeam "SC Anderssen St.Ingbert 1920 e.V."]
[WhiteTeamCountry "GER"]
[BlackTeamCountry "GER"]

1. e4 c6 2. d4 d5 3. exd5 cxd5 4. Bd3 Nc6 5. c3 Nf6 6. h3 Ne4 7. Nd2 Bf5 8. Qf3
Nxd2 9. Qxf5 e6 10. Qg4 Nc4 11. Qe2 b5 12. Nf3 a6 13. O-O Be7 14. Bf4 O-O 15.
Rad1 Rc8 16. Rfe1 Re8 17. a3 1/2-1/2

[Event "Bundesliga 9697"]
[Site "Deutschland"]
[Date "1997.??.??"]
[Round "?.5"]
[White "Werner, Dimo"]
[Black "Pirrot, Dieter"]
[Result "1/2-1/2"]
[WhiteElo "2385"]
[BlackElo "2415"]
[PlyCount "25"]
[EventDate "1996.10.??"]
[EventType "team"]
[EventRounds "15"]
[EventCountry "GER"]
[SourceTitle "Bundesliga 9697"]
[Source "DeepChess"]
[SourceDate "2005.01.01"]
[SourceVersion "1"]
[SourceVersionDate "2005.01.01"]
[SourceQuality "1"]
[WhiteTeam "SC Anderssen St.Ingbert 1920 e.V."]
[BlackTeam "PSV Turm Duisburg 1920 e.V."]
[WhiteTeamCountry "GER"]
[BlackTeamCountry "GER"]

1. Nf3 Nf6 2. g3 g6 3. Bg2 Bg7 4. O-O O-O 5. d4 d6 6. Nc3 d5 7. Ne5 c6 8. f3
Nbd7 9. Nd3 Ne8 10. Be3 Nd6 11. Bf2 e5 12. dxe5 Nxe5 13. Nxe5 1/2-1/2

[Event "Bundesliga 9697"]
[Site "Deutschland"]
[Date "1997.??.??"]
[Round "?.6"]
[White "Prang, Edgar"]
[Black "Gross, Georg"]
[Result "1/2-1/2"]
[WhiteElo "2330"]
[BlackElo "2340"]
[PlyCount "88"]
[EventDate "1996.10.??"]
[EventType "team"]
[EventRounds "15"]
[EventCountry "GER"]
[SourceTitle "Bundesliga 9697"]
[Source "DeepChess"]
[SourceDate "2005.01.01"]
[SourceVersion "1"]
[SourceVersionDate "2005.01.01"]
[SourceQuality "1"]
[WhiteTeam "PSV Turm Duisburg 1920 e.V."]
[BlackTeam "SC Anderssen St.Ingbert 1920 e.V."]
[WhiteTeamCountry "GER"]
[BlackTeamCountry "GER"]

1. Nf3 f5 2. c4 Nf6 3. g3 g6 4. b3 Bg7 5. Bb2 d6 6. d4 O-O 7. Bg2 Nc6 8. O-O
Qe8 9. d5 Nd8 10. Nc3 c5 11. Qc2 Bd7 12. Nd2 g5 13. e3 Qh5 14. f3 a6 15. a4 e5
16. dxe6 Bxe6 17. Rfd1 Nc6 18. Nf1 Rad8 19. Rd2 f4 20. Ne2 Ne5 21. Bxe5 dxe5
22. Rxd8 Rxd8 23. Rd1 Re8 24. gxf4 exf4 25. exf4 g4 26. Neg3 Qh4 27. f5 Bf7 28.
f4 Nh5 29. Nxh5 Bxh5 30. Ng3 Bd4+ 31. Kh1 Re3 32. Bd5+ Bf7 33. Bxf7+ Kxf7 34.
Qg2 Qe7 35. Qd5+ Kf8 36. f6 Qxf6 37. Nf5 Rxb3 38. Nxd4 cxd4 39. Rxd4 Qc6 40.
Qxc6 bxc6 41. Rd6 Rb4 42. Rxc6 Rxa4 43. Kg2 Ra3 44. Rc7 h5 1/2-1/2

[Event "Bundesliga 9697"]
[Site "Deutschland"]
[Date "1997.??.??"]
[Round "?.8"]
[White "Groth, Klaus Ulrich"]
[Black "Kummerow, Heiko"]
[Result "0-1"]
[WhiteElo "1873"]
[BlackElo "2280"]
[PlyCount "40"]
[EventDate "1996.10.??"]
[EventType "team"]
[EventRounds "15"]
[EventCountry "GER"]
[SourceTitle "Bundesliga 9697"]
[Source "DeepChess"]
[SourceDate "2005.01.01"]
[SourceVersion "1"]
[SourceVersionDate "2005.01.01"]
[SourceQuality "1"]
[WhiteTeam "PSV Turm Duisburg 1920 e.V."]
[BlackTeam "SC Anderssen St.Ingbert 1920 e.V."]
[WhiteTeamCountry "GER"]
[BlackTeamCountry "GER"]

1. c4 g6 2. Nc3 Bg7 3. g3 Nf6 4. Bg2 O-O 5. Nf3 d6 6. O-O Nc6 7. d4 a6 8. e4
Bg4 9. h3 Bxf3 10. Bxf3 Nd7 11. Be3 e5 12. d5 Nd4 13. Bg2 c5 14. dxc6 bxc6 15.
Qd2 Qa5 16. f4 Qb4 17. b3 Qxc3 18. Qxc3 Ne2+ 19. Kf2 Nxc3 20. Rfc1 exf4 0-1

[Event "Bundesliga 9697"]
[Site "Deutschland"]
[Date "1997.??.??"]
[Round "?.2"]
[White "Arnold, Lothar"]
[Black "Enders, Peter"]
[Result "0-1"]
[WhiteElo "2375"]
[BlackElo "2520"]
[PlyCount "76"]
[EventDate "1996.10.??"]
[EventType "team"]
[EventRounds "15"]
[EventCountry "GER"]
[SourceTitle "Bundesliga 9697"]
[Source "DeepChess"]
[SourceDate "2005.01.01"]
[SourceVersion "1"]
[SourceVersionDate "2005.01.01"]
[SourceQuality "1"]
[WhiteTeam "SC Eppingen e.V."]
[BlackTeam "PSV Turm Duisburg 1920 e.V."]
[WhiteTeamCountry "GER"]
[BlackTeamCountry "GER"]

1. e4 c5 2. Nf3 d6 3. d4 cxd4 4. Nxd4 Nf6 5. Nc3 Nc6 6. Be2 g6 7. O-O Bg7 8.
Nb3 O-O 9. Re1 a6 10. Bf1 b5 11. Bg5 Bb7 12. Nd5 Nd7 13. c3 h6 14. Bh4 g5 15.
Bg3 e6 16. Ne3 Nde5 17. Qd2 Ne7 18. f3 Qb8 19. Na5 Rd8 20. Rad1 N7g6 21. Nxb7
Qxb7 22. Qf2 a5 23. Rd2 b4 24. c4 Rd7 25. Red1 Qc6 26. h4 Bf6 27. hxg5 hxg5 28.
Bh2 Bd8 29. Kh1 Bb6 30. Qe1 Kg7 31. Nc2 Rh8 32. Nd4 Qc5 33. Be2 Rdd8 34. g3
Nxc4 35. Rc2 Rxh2+ 36. Kxh2 Rh8+ 37. Kg1 Qxd4+ 38. Rxd4 Bxd4+ 0-1

[Event "Bundesliga 9697"]
[Site "Deutschland"]
[Date "1997.??.??"]
[Round "?.3"]
[White "Kraut, Rainer"]
[Black "Miltner, Arndt"]
[Result "1/2-1/2"]
[WhiteElo "2455"]
[BlackElo "2375"]
[PlyCount "55"]
[EventDate "1996.10.??"]
[EventType "team"]
[EventRounds "15"]
[EventCountry "GER"]
[SourceTitle "Bundesliga 9697"]
[Source "DeepChess"]
[SourceDate "2005.01.01"]
[SourceVersion "1"]
[SourceVersionDate "2005.01.01"]
[SourceQuality "1"]
[WhiteTeam "PSV Turm Duisburg 1920 e.V."]
[BlackTeam "SC Eppingen e.V."]
[WhiteTeamCountry "GER"]
[BlackTeamCountry "GER"]

1. e4 e5 2. Nf3 d6 3. d4 Nd7 4. Bc4 c6 5. Ng5 Nh6 6. a4 exd4 7. Qxd4 Ne5 8. Be2
Be7 9. Nf3 Nhg4 10. O-O O-O 11. Nc3 f5 12. Nxe5 Nxe5 13. Rd1 f4 14. f3 Qe8 15.
Bf1 Qg6 16. Kh1 Qh5 17. Ne2 g5 18. Qg1 Nxf3 19. Nxf4 Rxf4 20. gxf3 Rxf3 21. Be2
Bg4 22. Rd3 Raf8 23. Raa3 h6 24. Rxf3 Rxf3 25. Qg2 Rxa3 26. Bxg4 Qh4 27. bxa3
Qe1+ 28. Qg1 1/2-1/2

[Event "Bundesliga 9697"]
[Site "Deutschland"]
[Date "1997.??.??"]
[Round "?.4"]
[White "Mann, Christian"]
[Black "Thesing, Matthias"]
[Result "1/2-1/2"]
[WhiteElo "2440"]
[BlackElo "2430"]
[PlyCount "72"]
[EventDate "1996.10.??"]
[EventType "team"]
[EventRounds "15"]
[EventCountry "GER"]
[SourceTitle "Bundesliga 9697"]
[Source "DeepChess"]
[SourceDate "2005.01.01"]
[SourceVersion "1"]
[SourceVersionDate "2005.01.01"]
[SourceQuality "1"]
[WhiteTeam "SC Eppingen e.V."]
[BlackTeam "PSV Turm Duisburg 1920 e.V."]
[WhiteTeamCountry "GER"]
[BlackTeamCountry "GER"]

1. e4 c5 2. c3 e6 3. d4 d5 4. exd5 exd5 5. Be3 c4 6. b3 cxb3 7. axb3 Bd6 8. Bd3
Nc6 9. Qf3 Be6 10. Nd2 Qd7 11. Ne2 Nge7 12. Bf4 Bg4 13. Qg3 Bxe2 14. Kxe2 Bxf4
15. Qxf4 O-O 16. h4 b5 17. b4 a5 18. bxa5 Nxa5 19. Rhb1 Nc4 20. Nxc4 Rxa1 21.
Rxa1 bxc4 22. Bc2 Ng6 23. Bxg6 fxg6 24. Qg5 Qe6+ 25. Kf1 h6 26. Qg3 Kh7 27. Kg1
Qe4 28. Ra6 Rf6 29. Rxf6 gxf6 30. Qc7+ Kg8 31. g3 h5 32. Qd7 Qe1+ 33. Kg2 Qe4+
34. Kg1 Qe1+ 35. Kg2 Qe4+ 36. Kg1 Qe1+ 1/2-1/2

[Event "Bundesliga 9697"]
[Site "Deutschland"]
[Date "1997.??.??"]
[Round "?.5"]
[White "Pirrot, Dieter"]
[Black "Donev, Ivo Hristov"]
[Result "1-0"]
[WhiteElo "2415"]
[BlackElo "2420"]
[PlyCount "79"]
[EventDate "1996.10.??"]
[EventType "team"]
[EventRounds "15"]
[EventCountry "GER"]
[SourceTitle "Bundesliga 9697"]
[Source "DeepChess"]
[SourceDate "2005.01.01"]
[SourceVersion "1"]
[SourceVersionDate "2005.01.01"]
[SourceQuality "1"]
[WhiteTeam "PSV Turm Duisburg 1920 e.V."]
[BlackTeam "SC Eppingen e.V."]
[WhiteTeamCountry "GER"]
[BlackTeamCountry "GER"]

1. e4 e5 2. Nf3 Nc6 3. Bc4 Nf6 4. Ng5 Bc5 5. Bxf7+ Ke7 6. Bb3 Rf8 7. O-O d6 8.
Nc3 Qe8 9. Nd5+ Kd8 10. c3 Qg6 11. d4 exd4 12. Nf4 Qe8 13. Nge6+ Bxe6 14. Nxe6+
Kd7 15. cxd4 Nxd4 16. Nxd4 Bxd4 17. Qxd4 Qxe4 18. Qc3 Rae8 19. Bg5 Qe5 20. Qh3+
Kd8 21. Bd2 Ne4 22. Rae1 Qxb2 23. Rxe4 Qxd2 24. Qh4+ g5 25. Qxh7 d5 26. Rxe8+
Rxe8 27. Ba4 c6 28. Qxb7 Re1 29. Qxc6 Rxf1+ 30. Kxf1 Qd3+ 31. Ke1 Qe4+ 32. Kd2
Qd4+ 33. Kc1 Qa1+ 34. Kc2 Qxa2+ 35. Kc3 Qa1+ 36. Kb4 Qe1+ 37. Kb5 Qxf2 38.
Qxd5+ Kc7 39. Qc5+ Qxc5+ 40. Kxc5 1-0

[Event "Bundesliga 9697"]
[Site "Deutschland"]
[Date "1997.??.??"]
[Round "?.6"]
[White "Reinhardt, Bernd"]
[Black "Prang, Edgar"]
[Result "1-0"]
[WhiteElo "2270"]
[BlackElo "2330"]
[PlyCount "137"]
[EventDate "1996.10.??"]
[EventType "team"]
[EventRounds "15"]
[EventCountry "GER"]
[SourceTitle "Bundesliga 9697"]
[Source "DeepChess"]
[SourceDate "2005.01.01"]
[SourceVersion "1"]
[SourceVersionDate "2005.01.01"]
[SourceQuality "1"]
[WhiteTeam "SC Eppingen e.V."]
[BlackTeam "PSV Turm Duisburg 1920 e.V."]
[WhiteTeamCountry "GER"]
[BlackTeamCountry "GER"]

1. g3 d5 2. Bg2 g6 3. c4 d4 4. d3 Bg7 5. Na3 e5 6. Nf3 Ne7 7. O-O O-O 8. Nc2 a5
9. e3 c5 10. exd4 cxd4 11. Re1 Nbc6 12. b3 f6 13. a3 Bg4 14. h3 Bf5 15. Kh2 Qd7
16. Rb1 g5 17. b4 axb4 18. axb4 Ng6 19. b5 Nce7 20. Ba3 Rf7 21. Ng1 g4 22. h4
Bh6 23. Ne2 Kh8 24. Bc1 Bxc1 25. Nxc1 Be6 26. Nb3 Rc8 27. Nd2 f5 28. h5 Nf4 29.
gxf4 exf4 30. Qe2 Rf6 31. Qe5 Rcf8 32. Qxf4 Qe8 33. Nxd4 Qxh5+ 34. Kg1 Ng6 35.
Qh2 Qxh2+ 36. Kxh2 Bc8 37. Bd5 Nf4 38. Rb3 Rh6+ 39. Kg1 Nh3+ 40. Kf1 f4 41. Ne4
g3 42. f3 Rh5 43. Rb2 h6 44. Rg2 Ng5 45. Nxg5 hxg5 46. Be6 Bxe6 47. Nxe6 Ra8
48. Kg1 Kh7 49. c5 Kg6 50. c6 bxc6 51. bxc6 Rah8 52. Kf1 Rh1+ 53. Ke2 R8h2 54.
Rxh1 Rxg2+ 55. Kd1 Ra2 56. c7 g2 57. Rg1 Ra1+ 58. Kc2 Rxg1 59. c8=Q Rc1+ 60.
Kxc1 g1=Q+ 61. Kc2 Qf2+ 62. Kc3 Qxf3 63. Qg8+ Kf6 64. Nd8 Qg4 65. Qf7+ Ke5 66.
Qe7+ Kd5 67. Nf7 Qc8+ 68. Kd2 Qb8 69. Qe4+ 1-0

[Event "Bundesliga 9697"]
[Site "Deutschland"]
[Date "1997.??.??"]
[Round "?.8"]
[White "Staiger, Frank"]
[Black "Groth, Klaus Ulrich"]
[Result "1-0"]
[WhiteElo "2290"]
[BlackElo "1873"]
[PlyCount "57"]
[EventDate "1996.10.??"]
[EventType "team"]
[EventRounds "15"]
[EventCountry "GER"]
[SourceTitle "Bundesliga 9697"]
[Source "DeepChess"]
[SourceDate "2005.01.01"]
[SourceVersion "1"]
[SourceVersionDate "2005.01.01"]
[SourceQuality "1"]
[WhiteTeam "SC Eppingen e.V."]
[BlackTeam "PSV Turm Duisburg 1920 e.V."]
[WhiteTeamCountry "GER"]
[BlackTeamCountry "GER"]

1. d4 g6 2. Nf3 Bg7 3. e3 d5 4. c4 c6 5. Nc3 Nf6 6. Be2 Nbd7 7. O-O O-O 8. b4
dxc4 9. Bxc4 Nb6 10. Be2 Nbd5 11. Nxd5 cxd5 12. Qb3 Bf5 13. b5 Re8 14. Ba3 Bf8
15. Ne5 Ne4 16. Rfc1 f6 17. Nf3 e6 18. Ne1 Bxa3 19. Qxa3 g5 20. Nd3 Nd6 21. Nc5
b6 22. Na6 Rc8 23. Rxc8 Nxc8 24. Rc1 Re7 25. Rxc8 Qxc8 26. Qxe7 Qc1+ 27. Bf1
Bd3 28. Qd8+ Kg7 29. Qc7+ 1-0

[Event "Bundesliga 9697"]
[Site "Deutschland"]
[Date "1996.??.??"]
[Round "?.1"]
[White "Khalifman, Alexander"]
[Black "Adams, Michael"]
[Result "1/2-1/2"]
[WhiteElo "2640"]
[BlackElo "2685"]
[PlyCount "56"]
[EventDate "1996.10.??"]
[EventType "team"]
[EventRounds "15"]
[EventCountry "GER"]
[SourceTitle "Bundesliga 9697"]
[Source "DeepChess"]
[SourceDate "2005.01.01"]
[SourceVersion "1"]
[SourceVersionDate "2005.01.01"]
[SourceQuality "1"]
[WhiteTeam "PSV Turm Duisburg 1920 e.V."]
[BlackTeam "SG 1868 Aljech. Solingen"]
[WhiteTeamCountry "GER"]
[BlackTeamCountry "GER"]

1. d4 Nf6 2. Nf3 e6 3. c4 b6 4. g3 Ba6 5. b3 Bb4+ 6. Bd2 Be7 7. Bg2 c6 8. Bc3
d5 9. Ne5 Ne4 10. O-O Nxc3 11. Nxc3 O-O 12. Re1 Bb7 13. e4 dxc4 14. Nxc4 b5 15.
Ne3 Nd7 16. e5 Qb6 17. Nc2 Rad8 18. Qf3 Qa5 19. Qe3 b4 20. Na4 Qc7 21. Rac1 c5
22. Bxb7 Qxb7 23. Nxc5 Nxc5 24. dxc5 Rc8 25. c6 Rxc6 26. Nd4 Rcc8 27. Rxc8 Rxc8
28. Rc1 Rc5 1/2-1/2

[Event "Bundesliga 9697"]
[Site "Deutschland"]
[Date "1996.??.??"]
[Round "?.2"]
[White "Jussupow, Artur"]
[Black "Kotronias, Vasilios"]
[Result "1/2-1/2"]
[WhiteElo "2665"]
[BlackElo "2615"]
[PlyCount "180"]
[EventDate "1996.10.??"]
[EventType "team"]
[EventRounds "15"]
[EventCountry "GER"]
[SourceTitle "Bundesliga 9697"]
[Source "DeepChess"]
[SourceDate "2005.01.01"]
[SourceVersion "1"]
[SourceVersionDate "2005.01.01"]
[SourceQuality "1"]
[WhiteTeam "SG 1868 Aljech. Solingen"]
[BlackTeam "PSV Turm Duisburg 1920 e.V."]
[WhiteTeamCountry "GER"]
[BlackTeamCountry "GER"]

1. d4 Nf6 2. c4 g6 3. Nc3 Bg7 4. e4 d6 5. f3 O-O 6. Nge2 c5 7. d5 e6 8. Ng3
exd5 9. cxd5 Nbd7 10. Be2 a6 11. a4 h5 12. Bg5 Qc7 13. Qd2 Re8 14. O-O Rb8 15.
Rfc1 Nh7 16. Bh6 Bh8 17. Rab1 Ne5 18. Be3 h4 19. Nh1 f5 20. Nf2 Qa5 21. b4 cxb4
22. Na2 fxe4 23. f4 Nd3 24. Nxd3 exd3 25. Bxd3 Bf5 26. Rxb4 b5 27. Rcb1 Nf6 28.
Nc3 h3 29. Bd4 hxg2 30. axb5 axb5 31. Bxf5 gxf5 32. Rxb5 Rxb5 33. Rxb5 Qa3 34.
Kxg2 Ne4 35. Nxe4 fxe4 36. Be3 Bf6 37. Qe2 Kf8 38. Rb1 Rc8 39. Kh1 Qd3 40. Qxd3
exd3 41. Rd1 Rc3 42. Kg2 d2 43. Kf2 Bh4+ 44. Kf3 Be1 45. Ke4 Rc4+ 46. Kf5 Kf7
47. h4 Rc1 48. Rxc1 dxc1=Q 49. Bxc1 Bxh4 50. Ba3 Be7 51. Bb4 Bf8 52. Ba5 Be7
53. Bc7 Bf8 54. Bd8 Bg7 55. Kg5 Bb2 56. Bc7 Ba3 57. Kf5 Bb4 58. Bb6 Bd2 59. Bd4
Bb4 60. Bf2 Ba3 61. Ke4 Bb4 62. Kd3 Kf6 63. Ke4 Kf7 64. Be3 Kf6 65. Bc1 Kg6 66.
Bb2 Bc5 67. Bc3 Ba3 68. Ba5 Kf7 69. Bb6 Ke7 70. Kd3 Kf6 71. Ke4 Ke7 72. Bf2 Bb4
73. Bh4+ Kf7 74. Bg5 Ba3 75. Kd3 Kg6 76. Kc4 Kf7 77. Kb5 Ke8 78. Kc6 Bc5 79. f5
Bb4 80. Bh4 Ba3 81. Bg3 Kf7 82. Bxd6 Bb2 83. Bg3 Kf6 84. d6 Kxf5 85. Bh4 Bc3
86. d7 Ba5 87. Kd6 Kg6 88. Ke7 Kf5 89. Kd6 Kg6 90. Ke6 Bb6 1/2-1/2

[Event "Bundesliga 9697"]
[Site "Deutschland"]
[Date "1996.??.??"]
[Round "?.4"]
[White "Piket, Jeroen"]
[Black "Hodgson, Julian M"]
[Result "1/2-1/2"]
[WhiteElo "2580"]
[BlackElo "2550"]
[PlyCount "56"]
[EventDate "1996.10.??"]
[EventType "team"]
[EventRounds "15"]
[EventCountry "GER"]
[SourceTitle "Bundesliga 9697"]
[Source "DeepChess"]
[SourceDate "2005.01.01"]
[SourceVersion "1"]
[SourceVersionDate "2005.01.01"]
[SourceQuality "1"]
[WhiteTeam "SG 1868 Aljech. Solingen"]
[BlackTeam "PSV Turm Duisburg 1920 e.V."]
[WhiteTeamCountry "GER"]
[BlackTeamCountry "GER"]

1. d4 d5 2. c4 c6 3. Nc3 Nf6 4. e3 a6 5. Bd2 dxc4 6. Bxc4 e6 7. Nf3 c5 8. O-O
b5 9. Be2 Bb7 10. Rc1 Nbd7 11. dxc5 Nxc5 12. Nd4 e5 13. Nb3 Ne6 14. Bf3 e4 15.
Bg4 Nxg4 16. Qxg4 h5 17. Qe2 Bd6 18. Rfd1 Qh4 19. h3 Ng5 20. Nxb5 Nxh3+ 21.
gxh3 Qg5+ 22. Kf1 Qxb5 23. Qxb5+ axb5 24. Ba5 Rh6 25. Bc7 Be7 26. a3 Bc8 27.
Kg2 Rg6+ 28. Kh2 Bd7 1/2-1/2

[Event "Bundesliga 9697"]
[Site "Deutschland"]
[Date "1996.??.??"]
[Round "?.5"]
[White "Sax, Gyula"]
[Black "Gabriel, Christian"]
[Result "0-1"]
[WhiteElo "2525"]
[BlackElo "2565"]
[PlyCount "69"]
[EventDate "1996.10.??"]
[EventType "team"]
[EventRounds "15"]
[EventCountry "GER"]
[SourceTitle "Bundesliga 9697"]
[Source "DeepChess"]
[SourceDate "2005.01.01"]
[SourceVersion "1"]
[SourceVersionDate "2005.01.01"]
[SourceQuality "1"]
[WhiteTeam "PSV Turm Duisburg 1920 e.V."]
[BlackTeam "SG 1868 Aljech. Solingen"]
[WhiteTeamCountry "GER"]
[BlackTeamCountry "GER"]

1. e4 e5 2. Nf3 Nc6 3. d4 exd4 4. Nxd4 Nf6 5. Nxc6 bxc6 6. e5 Ne4 7. Qf3 Ng5 8.
Qg3 Ne6 9. Nd2 d6 10. Nf3 dxe5 11. Nxe5 Bd6 12. Qc3 O-O 13. Nxc6 Qe8 14. Be3
Nc5 15. Be2 Qxc6 16. Bf3 Qb5 17. Bxa8 Be6 18. Bf3 Bc4 19. Bc6 Qa6 20. b3 Be2
21. Bf3 Bxf3 22. gxf3 Re8 23. Qc4 Qa5+ 24. Kf1 Nd7 25. Rd1 Nf6 26. Rg1 Qh5 27.
Rd3 Qxh2 28. Qb5 Qh3+ 29. Ke2 h6 30. Kd2 Qh2 31. Re1 Bf4 32. Re2 Bd6 33. c4 Qh4
34. c5 Be5 35. Kc2 0-1

[Event "Bundesliga 9697"]
[Site "Deutschland"]
[Date "1996.??.??"]
[Round "?.6"]
[White "Chandler, Murray G"]
[Black "Keitlinghaus, Ludger"]
[Result "1/2-1/2"]
[WhiteElo "2550"]
[BlackElo "2515"]
[PlyCount "33"]
[EventDate "1996.10.??"]
[EventType "team"]
[EventRounds "15"]
[EventCountry "GER"]
[SourceTitle "Bundesliga 9697"]
[Source "DeepChess"]
[SourceDate "2005.01.01"]
[SourceVersion "1"]
[SourceVersionDate "2005.01.01"]
[SourceQuality "1"]
[WhiteTeam "SG 1868 Aljech. Solingen"]
[BlackTeam "PSV Turm Duisburg 1920 e.V."]
[WhiteTeamCountry "GER"]
[BlackTeamCountry "GER"]

1. e4 e5 2. Nf3 Nc6 3. Bc4 Bc5 4. b4 Bb6 5. a4 a6 6. Bb2 d6 7. b5 axb5 8. axb5
Rxa1 9. Bxa1 Nd4 10. Nxd4 exd4 11. O-O Nf6 12. Qf3 O-O 13. c3 Bg4 14. Qf4 Be6
15. Bxe6 fxe6 16. cxd4 Qa8 17. Bc3 1/2-1/2

[Event "Bundesliga 9697"]
[Site "Deutschland"]
[Date "1996.??.??"]
[Round "?.7"]
[White "Enders, Peter"]
[Black "Bischoff, Klaus"]
[Result "1-0"]
[WhiteElo "2500"]
[BlackElo "2530"]
[PlyCount "85"]
[EventDate "1996.10.??"]
[EventType "team"]
[EventRounds "15"]
[EventCountry "GER"]
[SourceTitle "Bundesliga 9697"]
[Source "DeepChess"]
[SourceDate "2005.01.01"]
[SourceVersion "1"]
[SourceVersionDate "2005.01.01"]
[SourceQuality "1"]
[WhiteTeam "PSV Turm Duisburg 1920 e.V."]
[BlackTeam "SG 1868 Aljech. Solingen"]
[WhiteTeamCountry "GER"]
[BlackTeamCountry "GER"]

1. e4 c5 2. Nf3 e6 3. d4 cxd4 4. Nxd4 a6 5. Bd3 Nf6 6. O-O Qc7 7. c4 Nc6 8.
Nxc6 dxc6 9. Nc3 e5 10. Qe2 Be7 11. Kh1 O-O 12. f4 Rd8 13. f5 b5 14. Be3 b4 15.
Nb1 c5 16. Nd2 Bb7 17. Rad1 a5 18. Bb1 a4 19. g4 Nd7 20. g5 Bf8 21. Rf3 Ra6 22.
Rdf1 Bd6 23. Qf2 Nf8 24. Kg1 Qc8 25. Qh4 Rd7 26. Re1 Bc7 27. Nf1 Rd4 28. Bxd4
exd4 29. Bd3 Be5 30. Re2 Qe8 31. Rg2 f6 32. Ng3 fxg5 33. Qxg5 h6 34. Qh4 Bf6
35. Qg4 Nd7 36. Nh5 Bg5 37. Nxg7 Kxg7 38. h4 Ne5 39. Qg3 Rg6 40. fxg6 Bxh4 41.
Rf7+ Qxf7 42. Qxe5+ Qf6 43. Qxc5 1-0